| 000 | 00903cam a2200229 4500 | ||
|---|---|---|---|
| 001 | 3077 | ||
| 003 | FISKH | ||
| 005 | 20240202150626.0 | ||
| 008 | 730208s1960 mau j 000 1 eng | ||
| 010 | _a 60005213 | ||
| 040 |
_aDLC _beng _cDLC _dDLC |
||
| 050 | 0 | 0 |
_aPZ7.O237 _bIs |
| 082 | _a813.54 | ||
| 100 | 1 |
_aO'Dell, Scott, _d1898-1989. |
|
| 245 | 1 | 0 |
_aIsland of the Blue Dolphins / _cScott O'Dell |
| 260 |
_aBoston, _bHoughton Mifflin, _c1960. |
||
| 300 |
_a184 pages : _c21 cm |
||
| 520 | _aLeft alone on a beautiful but isolated island off the coast of California, a young Indian girl spends eighteen years, not only merely surviving through her enormous courage and self-reliance, but also finding a measure of happiness in her solitary life. | ||
| 650 |
_aSurvival _vHistorical Fiction _xAdventure _yNative American |
||
| 906 |
_a7 _bcbc _corignew _d3 _eocip _f19 _gy-gencatlg |
||
| 942 |
_2ddc _cBK _n0 |
||
| 999 |
_c3077 _d3077 |
||